Resolutions and other decisions

Αποθηκεύτηκε σε:
Λεπτομέρειες βιβλιογραφικής εγγραφής
Συγγραφή απο Οργανισμό/Αρχή: International Maritime Organization
Μορφή: Βιβλίο
Γλώσσα:English
Δημοσίευση: London : International Maritime Organization, 1996
Θέματα:
Ετικέτες: Προσθήκη ετικέτας
Δεν υπάρχουν, Καταχωρήστε ετικέτα πρώτοι!

MARC

LEADER 00000nam a2200000 i 4500
001 1/66262
008 980908s1996 eng d
020 |a 9280114166 
035 |l 10029787 
040 |a GR-MY-UA  |b gre  |e aacr 
041 0 |a eng 
082 0 |a 341.756650289 
110 2 |a International Maritime Organization. 
245 1 0 |a Resolutions and other decisions 
260 |a London :   |b International Maritime Organization,   |c 1996 
300 |a viii, 368 p. 
500 |a (Resolutions 780-838) 
650 0 0 |a Maritime law. 
650 0 0 |a Ships  |x Safety regulations. 
852 |a INST  |b CHIOS  |e 19980908  |h 341.756650289 RES  |p 005200015685  |q 005200015685  |t BK  |y 0 
901 |a BIBL-1998-3 
909 |a Χ  |b 054763 
922 |a 2ΕΛΗ  |b 199809  |c ΤΝΕΥ  |d ΜΑΝΤΑΡΑΚΗΣ